| 000 | 00626nam a22002297a 4500 | ||
|---|---|---|---|
| 003 | OSt | ||
| 005 | 20170518103209.0 | ||
| 008 | 160222b xxu||||| |||| 00| 0 eng d | ||
| 020 | _a0070916594 | ||
| 040 |
_ammu _beng _cmmu |
||
| 050 |
_aHG4026 _b.F86 2004 |
||
| 100 | _aRoss, Westerfield. | ||
| 245 |
_aFundamentals of corporate finance _cRoss Jordan [et al.] |
||
| 250 | _a5th ed. | ||
| 260 |
_aBoston: _bMcGraw-Hill, _c2004 |
||
| 300 | _axxxii,832p. | ||
| 500 | _aIncludes index | ||
| 500 | _aIncludes index | ||
| 650 | _aCorporations-finance | ||
| 700 | _a Westerfield | ||
| 942 |
_2lcc _cLOAN LOAN _e5th ed. |
||
| 999 |
_c24195 _d24195 |
||